00297nam a2200121Ia 4500008004100000041000800041082001500049100001800064245003500082260003500117300001600152365000700168240624s9999 xx 000 0 und d aeng a006.74 LIB aLIBERTY JESSE aXML WEB DOCUMENTS FROM SCRATCH c2000aNew DelhibPrentice-Hall aviii, : 272 cRS